Teams to be Top of English Football at Christmas - Statistics

General Stats
  • This quiz has been taken 24 times
  • The average score is 24 of 31
Answer Stats
Most Recent Year Top at Christmas Team % Correct
2024 Liverpool
100%
2025 Arsenal
95%
1998 Aston Villa
95%
2021 Manchester City
95%
2016 Chelsea
89%
1969 Everton
89%
2015 Leicester
89%
2012 Manchester United
89%
2001 Newcastle
89%
1889 Preston
89%
1936 Sunderland
89%
1994 Blackburn
84%
1999 Leeds
84%
1992 Norwich
84%
1977 Nottingham Forest
84%
1930 Sheffield Wednesday
84%
1938 Derby
79%
1899 Sheffield United
79%
1958 Bolton
74%
1976 Ipswich
74%
1951 Portsmouth
74%
1981 Swansea
74%
1984 Tottenham
74%
1957 Wolves
74%
1961 Burnley
68%
1923 Cardiff
63%
1924 West Brom
63%
1950 Middlesbrough
58%
1890 Notts County
42%
1937 Brentford
37%
1914 Oldham
32%
No matching quizzes found
Score Distribution
Percent of People with Each Score
Percentile by Number Answered
Your Score History
You have not taken this quiz